01689nam a2200409 i 450000100060000000300080000600500170001400600190003100700150005000800410006502000180010602000280012403500220015204000310017405000190020508000080022408200150023210000260024724501860027326400420045930000410050133600290054233700330057133800390060449000640064350400290070758800830073659001620081965000380098165000320101965500270105170000380107879700180111683000650113485600630119999900170126225936FINmELB20241216215848.0m o u cr cn|||||||||220522s2005 sp ob 000 0 spa d z9788474329315 a9788418193637q(e-book) a(OCoLC)1379806743 aFINmELBbspaerdacFINmELB14aH61bB433 2005 a30304a300.722231 aBell, Judith,eautor.10aCómo hacer tu primer trabajo de investigación :bguía para investigadores en educación y ciencias sociales /cJudith Bell ; traducción del inglés de Roc Filella Escol.̉ 1aBarcelona :bEditorial Gedisa,c2005. a1 recurso en línea (250 páginas) atextobtxt2rdamedia/spa acomputadorabc2rdamedia/spa arecurso en línea2rdacarrier/spa1 aBiblioteca de educación. Herramientas universitarias ;v9 aContiene bibliografía. aDescripción basada en metadatos suministrados por el editor y otras fuentes. aRecurso electrónico. Santa Fe, Arg.: elibro, 2021. Disponible vía World Wide Web. El acceso puede estar limitado para las bibliotecas afiliadas a elibro. 4aCiencias socialesxMetodología. 4aPedagogíaxMetodología. 4aLibros electrónicos.1 aFilella Escol,̉ Roc,etraductor.2 aelibro, Corp. 0aBiblioteca de educación. Herramientas universitarias ;v9.40uhttps://elibro.net/ereader/politecnicointernacional/227623 c25936d25936